Statistics for Top 15 Celebrities Born In 2003

Click here to take the quiz!

General Stats

  • This quiz has been taken 80 times
  • The average score is 3 of 15

Answer Stats

Answer% Correct
Jojo Siwa
95%
Olivia Rodrigo
84%
MattyB
37%
Tate McRae
25%
Johnny Orlando
21%
The Kid Laroi
21%
Jack Dylan Grazer
13%
Jaeden Martell
11%
Ranboo
8%
Wyatt Oleff
8%
Sophia Grace Brownlee
2%
Kyla Kenedy
0%
Lizzy Greene
0%
Millicent Simmonds
0%
Neel Sethi
0%

Score Distribution

Percentile by Number Answered

Percent of People with Each Score

Your Score History

You have not taken this quiz